[Event "Mechanics' Winter TNM; G/2"]
[Site "San Francisco"]
[Date "2016.01.12"]
[Round "2.22"]
[White "Donnelly, Patrick"]
[Black "Gray, William"]
[Result "0-1"]
[WhiteElo "1539"]
[BlackElo "2043"]
[Annotator "Donaldson"]
[PlyCount "84"]
[EventDate "2016.??.??"]

1. e4 c5 2. Nf3 d6 3. d4 cxd4 4. Nxd4 Nf6 5. Nc3 g6 6. f3 Bg7 7. Be3 Nc6 8. Qd2
Be6 9. Nxe6 fxe6 10. O-O-O O-O 11. Bc4 Qc8 12. Ne2 Ne5 13. Bb3 Nc4 14. Bxc4
Qxc4 15. Nc3 Rfc8 16. Qd3 Nd7 17. Bd4 Ne5 18. Qxc4 Bh6+ 19. Kb1 Nxc4 20. Rhe1
e5 21. Bf2 Bd2 22. Re2 Bxc3 23. bxc3 Rc6 24. Rd3 Rac8 25. Ka1 Ra6 26. Re1 Rac6
27. Rb1 R8c7 28. Rb4 a6 29. a4 Rd7 30. Ka2 b6 31. Rd1 Rd8 32. Rdb1 b5 33. axb5
axb5 34. Ra1 Ra8+ 35. Kb1 Na3+ 36. Kb2 Rca6 37. Kc1 Nc4 38. Rxa6 Rxa6 39. Rxb5
Ra2 40. Rb7 Na3 41. Rb2 $4 (41. Kd1 $11) 41... Ra1+ 42. Kd2 Nc4+ 0-1

[Event "Mechanics' Alan Benson TNM; G/2"]
[Site "San Francisco"]
[Date "2016.08.02"]
[Round "1.4"]
[White "Donnelly, Patrick"]
[Black "He, Tianyi"]
[Result "0-1"]
[WhiteElo "1641"]
[BlackElo "2196"]
[Annotator "Donaldson"]
[PlyCount "86"]
[EventDate "2016.??.??"]

1. d4 Nf6 2. c4 g6 3. Nc3 d5 4. cxd5 Nxd5 5. e4 Nxc3 6. bxc3 Bg7 7. Nf3 c5 8.
Be2 Nc6 9. e5 O-O 10. O-O Bf5 11. Be3 Qc7 12. Qb3 Na5 13. Qb2 Be6 14. Nd2 Rac8
15. Rac1 a6 16. Ne4 Nc4 17. Bxc4 Bxc4 18. Rfd1 b6 19. Nd2 Be6 20. f4 Qc6 21.
dxc5 bxc5 22. Nb3 Qb5 23. Qa3 Bxb3 24. Qxb3 g5 25. Qxb5 axb5 26. Rd7 e6 27.
Rcd1 gxf4 28. Bxf4 Ra8 29. R1d3 $6 (29. Rb7) (29. Rc7) 29... Ra4 (29... Rxa2
30. Rb7 Ra4 31. Rf3 b4) 30. Rf3 h5 (30... Rxa2) 31. Rc7 $2 {Diagram [#]} Rc4 $2
(31... Rxf4 $19) 32. Rb7 b4 33. cxb4 cxb4 34. Rb5 (34. h3) 34... Re4 35. h4 (
35. h3) 35... Rd8 36. Kf2 $2 (36. Rb7) 36... Ra8 37. Kg3 Rxa2 38. Kh3 Ra3 39.
Bd2 Rxf3+ 40. gxf3 Re2 41. Bxb4 Bxe5 42. f4 Bxf4 43. Rxh5 f5 0-1

[Event "Mechanics' Spring TNM; G/2"]
[Site "San Francisco"]
[Date "2016.04.26"]
[Round "7.48"]
[White "Donnelly, Patrick"]
[Black "MacIntyre, Brendan"]
[Result "1-0"]
[WhiteElo "1505"]
[BlackElo "1500"]
[PlyCount "51"]
[EventDate "2016.??.??"]

1. e4 c5 2. Nf3 Nc6 3. d4 cxd4 4. Nxd4 g6 5. Be3 Bg7 6. Nc3 Nf6 7. Bb5 a6 8.
Bxc6 bxc6 9. O-O Qc7 10. f4 d6 11. f5 Rb8 12. Nb3 Bb7 13. Qe2 Rd8 14. Rad1 d5
15. Bc5 O-O 16. exd5 Rfe8 17. fxg6 hxg6 18. Qf2 Nxd5 19. Qxf7+ Kh7 20. Nxd5
cxd5 21. Bd4 Rg8 22. Rf3 Bc8 23. Rdd3 Bg4 24. Rh3+ Bh5 25. Rxh5+ gxh5 26. Qf5+
1-0

[Event "Mechanics' Summer TNM; G/2"]
[Site "San Francisco"]
[Date "2016.06.28"]
[Round "6.15"]
[White "Donnelly, Patrick"]
[Black "Maser, Thomas F"]
[Result "0-1"]
[WhiteElo "1729"]
[BlackElo "1985"]
[Annotator "Donaldson"]
[PlyCount "84"]
[EventDate "2016.??.??"]

1. d4 Nf6 2. c4 e6 3. Nf3 c5 4. d5 d6 5. Nc3 exd5 6. cxd5 g6 7. e4 Bg7 8. Be2
Bg4 9. O-O O-O 10. h3 Bxf3 11. Bxf3 a6 12. a4 Nbd7 13. Be2 Re8 14. Qc2 Qc7 15.
Bf4 Rac8 16. Rac1 c4 17. Rfe1 Ne5 18. Be3 Qe7 19. f3 Nfd7 20. f4 Nd3 21. Bxd3
cxd3 22. Qxd3 Bxc3 23. Rxc3 Rxc3 24. Qxc3 Nf6 25. e5 Nxd5 26. Qd4 Nxe3 27. Rxe3
dxe5 28. Rxe5 Qd8 29. Rd5 Qh4 30. Kh2 Qe7 31. Rd7 Qe4 32. Qf6 Qe6 33. Qxe6 Rxe6
34. Rxb7 Re4 35. b4 Rxf4 36. Kg3 g5 37. Rb6 Kg7 38. a5 f6 39. Rxa6 Rxb4 40. Rb6
Ra4 41. a6 Ra3+ 42. Kg4 $4 (42. Kf2 $11) 42... Kg6 0-1

[Event "Mechanics' Spring TNM; G/2"]
[Site "San Francisco"]
[Date "2016.03.29"]
[Round "3.27"]
[White "Donnelly, Patrick"]
[Black "Melville, Cailen"]
[Result "0-1"]
[WhiteElo "1505"]
[BlackElo "1811"]
[PlyCount "98"]
[EventDate "2016.??.??"]

1. e4 e6 2. d4 d5 3. Nc3 dxe4 4. Nxe4 b6 5. Be2 Bb7 6. Bf3 Nc6 7. Ne2 Qd7 8.
O-O Nf6 9. Re1 Nxe4 10. Bxe4 f5 11. Bf3 O-O-O 12. Bg5 Re8 13. d5 Ne5 14. Bh5 g6
15. Nf4 Bg7 16. dxe6 Qc6 17. Be2 h6 18. Bh4 g5 19. Bh5 gxf4 20. f3 Rxe6 21. a4
Rd6 22. Qe2 Nc4 23. c3 Rd2 24. Qe7 Rg8 25. Rad1 Rxd1 26. Rxd1 Qc5+ 27. Qxc5
bxc5 28. Bf7 Ne3 29. Be6+ Kb8 30. Rd7 Bc8 31. Bxg8 Bxd7 32. Bb3 c4 33. Ba2 Bxa4
34. g3 Be5 35. gxf4 Bxf4 36. Bb1 Bc2 37. Ba2 Bd3 38. b3 Be5 39. Be1 Nd1 40.
bxc4 Bxc3 41. Bg3 Bd4+ 42. Kh1 Nb2 43. Bf4 Nxc4 44. Bxh6 Ne3 45. Be6 Be2 46.
Bxe3 Bxf3+ 47. Kg1 Bxe3+ 48. Kf1 f4 49. h4 Bh5 0-1

[Event "Mechanics' Alan Benson TNM; G/2"]
[Site "San Francisco"]
[Date "2016.08.23"]
[Round "4.39"]
[White "Donnelly, Patrick"]
[Black "Nassif, Wassim"]
[Result "1-0"]
[WhiteElo "1641"]
[BlackElo "1177"]
[PlyCount "127"]
[EventDate "2016.??.??"]

1. d4 d5 2. c4 e6 3. Nc3 Nf6 4. Bg5 Bb4 5. Nf3 O-O 6. e3 Be7 7. Bd3 c6 8. O-O
Nfd7 9. Bxe7 Qxe7 10. Qc2 Nf6 11. Ne5 Nbd7 12. f4 Ne4 13. Nxe4 dxe4 14. Bxe4 f5
15. Bd3 Nxe5 16. dxe5 b6 17. e4 g6 18. exf5 gxf5 19. Rf3 Bb7 20. Rg3+ Kh8 21.
Re1 Qc5+ 22. Qf2 Qxf2+ 23. Kxf2 Rg8 24. Ree3 Rg7 25. Rxg7 Kxg7 26. Rg3+ Kh8 27.
Rh3 Rg8 28. Rg3 c5 29. Rxg8+ Kxg8 30. h3 Kg7 31. g4 Bc8 32. gxf5 exf5 33. Be2
Be6 34. b3 Kg6 35. Bf3 h6 36. Bd5 Kf7 37. Bxe6+ Kxe6 38. h4 h5 39. Ke3 a6 40.
Kd3 Ke7 41. a3 Ke6 42. b4 Ke7 43. Kc3 Ke6 44. Kb3 cxb4 45. axb4 Ke7 46. Kc3 Ke6
47. Kd4 Ke7 48. Kd5 a5 49. bxa5 bxa5 50. Kc5 a4 51. Kb4 a3 52. Kxa3 Ke6 53. Kb4
Kd7 54. Kc5 Kc7 55. e6 Kc8 56. Kd6 Kd8 57. e7+ Ke8 58. c5 Kf7 59. Kd7 Kg7 60.
e8=Q Kf6 61. Qe6+ Kg7 62. Ke7 Kh7 63. Kf7 Kh8 64. Qh6# 1-0

[Event "Mechanics' Winter TNM; G/2"]
[Site "San Francisco"]
[Date "2016.02.23"]
[Round "8.24"]
[White "Donnelly, Patrick"]
[Black "Royzen, Igor"]
[Result "0-1"]
[WhiteElo "1539"]
[BlackElo "1879"]
[Annotator "Donaldson"]
[PlyCount "148"]
[EventDate "2016.??.??"]

1. c4 Nf6 2. Nc3 g6 3. d4 c5 4. Nf3 cxd4 5. Nxd4 Nc6 6. e4 Bg7 7. Be3 O-O 8.
Qd2 $6 (8. Be2 d6 9. O-O Ng4 $2 10. Bxg4 {wins material - for example} Bxg4 ({
or} 10... Bxd4 11. Bxc8 Bxe3 12. Bxb7) 11. Nxc6) 8... Ng4 9. Nf3 Nxe3 10. Qxe3
d6 11. Be2 Qa5 12. Rc1 Be6 13. Kf1 Rac8 14. Nd2 f5 15. Nb3 Qb4 16. Nd5 Bxd5 17.
exd5 Ne5 18. a3 Qb6 19. Qxb6 axb6 20. f4 Nd7 21. Rc2 (21. Rb1 b5 $1 22. cxb5
Rc2 $17) 21... b5 $1 $17 22. c5 Nxc5 23. Nd2 (23. Nxc5) 23... Ne4 24. Rxc8
Nxd2+ 25. Ke1 Rxc8 26. Kxd2 Bxb2 27. Bxb5 Bxa3 28. Kd3 Rc1 $2 (28... Rc5 29.
Bc4 b5 30. Bb3 Bb4 {was much easier. Now the opposite-colored bishops offer
White excellent drawing chances, as Black's passed pawns (d and b) will be too
close together.}) 29. Rxc1 Bxc1 30. g3 Kg7 31. Ke2 Kf6 32. Kf3 e5 33. dxe6 Kxe6
34. Ke2 d5 35. Kd3 b6 36. Ba4 Ba3 37. h3 h5 38. Be8 Kf6 39. Bc6 Bc5 40. Ke2 d4
41. Kd3 Ke7 42. Bf3 Kf6 43. g4 $4 (43. Bc6) 43... hxg4 (43... fxg4 44. hxg4 h4
{making a third (and distant) passed pawn would make White's defense
impossible. The text also accomplishes the same goal.}) 44. hxg4 fxg4 45. Bxg4
Bd6 46. Kxd4 Bxf4 {Black has given up material (one pawn) for something much
more important - widely separated passed pawns. Black's king will advance
where the bishop is trying to hold up a passed pawn.} 47. Ke4 Bc1 48. Be2 Kg5
49. Kf3 Kh4 50. Kg2 g5 51. Bd3 Kg4 {The king correctly heads to the queenside.}
52. Be2+ Kf4 53. Bc4 Ke3 54. Bb5 Kd4 55. Kg3 Kc5 56. Bd3 b5 57. Kf3 b4 58. Bf5
Kd4 59. Ke2 Kc3 60. Kd1 Bf4 61. Ke2 b3 62. Kd1 b2 63. Ke2 g4 $1 64. Be4 Kd4 65.
Bf5 Ke5 66. Bd3 Bc1 67. Kf2 Kf4 68. Bc2 Be3+ 69. Kg2 Bd4 70. Bb1 Be5 71. Bc2
Ke3 72. Kf1 Kd2 73. Bf5 Kc1 74. Ke2 b1=Q 0-1

[Event "Mechanics' Spring TNM; G/2"]
[Site "San Francisco"]
[Date "2016.03.15"]
[Round "1.13"]
[White "Donnelly, Patrick"]
[Black "Uzzaman, Ashik"]
[Result "0-1"]
[WhiteElo "1505"]
[BlackElo "1991"]
[PlyCount "70"]
[EventDate "2016.??.??"]

1. e4 c5 2. Nf3 d6 3. d4 cxd4 4. Nxd4 Nf6 5. Nc3 a6 6. Bg5 g6 7. Bc4 Bg7 8. O-O
O-O 9. Nb3 b5 10. Bxf6 Bxf6 11. Bd5 Ra7 12. Nd2 b4 13. Na4 Bd7 14. c3 Qa5 15.
Bb3 Bxa4 16. Bxa4 bxc3 17. bxc3 Bxc3 18. Nc4 Qc5 19. Rc1 Qxc4 20. Bb3 Qd4 21.
Qf3 Ba5 22. Rfd1 Qf6 23. Qe3 Rc7 24. Rxc7 Bxc7 25. Qa7 Qc3 26. h4 Qc5 27. Qb7
Bb6 28. Rd2 Qc1+ 29. Rd1 Qc7 30. Qd5 Qc5 31. Qd2 Nd7 32. Rc1 Qd4 33. Qg5 Qxf2+
34. Kh2 Be3 35. Qg4 Ne5 0-1

[Event "Mechanics' Winter TNM; G/2"]
[Site "San Francisco"]
[Date "2016.02.09"]
[Round "6.19"]
[White "Dougal, Michael"]
[Black "Bhattacharjee, Shi"]
[Result "1-0"]
[WhiteElo "1801"]
[BlackElo "1614"]
[PlyCount "85"]
[EventDate "2016.??.??"]

1. e4 c5 2. Nc3 Nc6 3. f4 d6 4. Nf3 Nf6 5. Bb5 a6 6. Bxc6+ bxc6 7. O-O e5 8.
fxe5 dxe5 9. d3 Rb8 10. Nxe5 Qd4+ 11. Kh1 Qxe5 12. Bf4 Qd4 13. Bxb8 Ng4 14. Qe2
Bd6 15. Bxd6 Qxd6 16. e5 Qh6 17. h3 O-O 18. Kg1 Ne3 19. Rf3 Nf5 20. Rf2 Re8 21.
Re1 f6 22. Qd2 Rxe5 23. Rxe5 fxe5 24. Qxh6 Nxh6 25. Ne4 c4 26. Nd6 Be6 27. dxc4
Nf7 28. Nxf7 Bxf7 29. Re2 Bxc4 30. Rxe5 Bd5 31. Kf2 Kf7 32. g3 Kf6 33. Rxd5
cxd5 34. Ke3 Ke5 35. b4 d4+ 36. Kd3 Kd5 37. a4 g6 38. b5 axb5 39. axb5 Kc5 40.
b6 Kxb6 41. Kxd4 Kc6 42. Ke5 Kc5 43. Kf6 1-0

[Event "Mechanics' Alan Benson TNM; G/2"]
[Site "San Francisco"]
[Date "2016.09.13"]
[Round "7.9"]
[White "Dougal, Michael"]
[Black "Gaffagan, Steven"]
[Result "1/2-1/2"]
[WhiteElo "1931"]
[BlackElo "2096"]
[PlyCount "80"]
[EventDate "2016.??.??"]

1. e4 c6 2. d4 d5 3. exd5 cxd5 4. Bd3 Nc6 5. c3 Qc7 6. Ne2 Bg4 7. f3 Bh5 8. Bf4
Qd7 9. O-O e6 10. Nd2 Nf6 11. Re1 Be7 12. a4 O-O 13. Nb3 Bg6 14. Bxg6 hxg6 15.
Ng3 Rfe8 16. Nc1 a5 17. Nd3 Rac8 18. Qb3 Nh5 19. Nxh5 gxh5 20. Ne5 Nxe5 21.
Bxe5 Rc6 22. Qb5 Ra8 23. g4 hxg4 24. fxg4 f6 25. Bg3 Raa6 26. Re2 Rab6 27. Qd3
Rc4 28. g5 fxg5 29. Be5 Bd6 30. Qg6 Bxe5 31. Rxe5 Rc8 32. Qc2 Rf8 33. Rf1 Rxf1+
34. Kxf1 Qe7 35. Re2 Rc6 36. Rf2 Rc8 37. Qg6 Rf8 38. Rxf8+ Kxf8 39. Ke2 Qf6 40.
Qh5 Ke7 1/2-1/2

[Event "Mechanics' Winter TNM; G/2"]
[Site "San Francisco"]
[Date "2016.02.23"]
[Round "8.9"]
[White "Dougal, Michael"]
[Black "Ortega, Bill"]
[Result "0-1"]
[WhiteElo "1801"]
[BlackElo "2090"]
[PlyCount "52"]
[EventDate "2016.??.??"]

1. e4 d5 2. exd5 Nf6 3. d4 Bg4 4. Be2 Bxe2 5. Qxe2 Qxd5 6. Nf3 e6 7. c4 Bb4+ 8.
Kf1 Qe4 9. a3 Be7 10. Nc3 Qxe2+ 11. Kxe2 O-O 12. Nb5 Na6 13. b4 c6 14. Nc3 Nc7
15. Bf4 Rac8 16. Ne5 Rfd8 17. Rhd1 h6 18. g4 Nd7 19. h3 Nb6 20. Ne4 Na4 21.
Rac1 f6 22. Ng6 Kf7 23. Nxe7 Kxe7 24. Nd6 Rxd6 25. Bxd6+ Kxd6 26. d5 exd5 {
and Black went on to win. Remaining moves unavailable.} 0-1

[Event "Mechanics' Winter TNM; G/2"]
[Site "San Francisco"]
[Date "2016.01.26"]
[Round "4.18"]
[White "Dougal, Michael"]
[Black "Simpkins, Jerry"]
[Result "1-0"]
[WhiteElo "1801"]
[BlackElo "1512"]
[PlyCount "47"]
[EventDate "2016.??.??"]

1. e4 e5 2. Nf3 f5 3. Nxe5 Qf6 4. d4 d6 5. Nc4 fxe4 6. Nc3 Qe6 7. d5 Qf5 8. Ne3
Qg6 9. f3 Nf6 10. fxe4 Nxe4 11. Bd3 Nxc3 12. Bxg6+ hxg6 13. bxc3 Nd7 14. Ng4
Nc5 15. Qe2+ Be7 16. Bg5 O-O 17. Bxe7 Bxg4 18. Qxg4 Rae8 19. O-O-O Rxe7 20.
Rhe1 Ref7 21. Qxg6 Rf2 22. Re7 R2f7 23. Rxf7 Rxf7 24. Re1 1-0

[Event "Mechanics' Alan Benson TNM; G/2"]
[Site "San Francisco"]
[Date "2016.08.02"]
[Round "1.22"]
[White "Dougal, Michael"]
[Black "Waharte, Louka"]
[Result "1-0"]
[WhiteElo "1931"]
[BlackElo "1366"]
[PlyCount "45"]
[EventDate "2016.??.??"]

1. e4 e5 2. Nf3 Nc6 3. d4 exd4 4. Bc4 Bb4+ 5. c3 dxc3 6. bxc3 Ba5 7. O-O d6 8.
Qb3 Qe7 9. Ba3 Be6 10. Bxe6 Bb6 11. Bh3 Nf6 12. Nbd2 O-O 13. Rfe1 Qd8 14. e5
Ne8 15. Ne4 Na5 16. Qa4 c5 17. exd6 Nxd6 18. Rad1 Bc7 19. Bxc5 Nac4 20. Qb3 f5
21. Nxd6 Bxd6 22. Qxc4+ Kh8 23. Bxd6 1-0

[Event "Mechanics' Alan Benson TNM; G/2"]
[Site "San Francisco"]
[Date "2016.08.23"]
[Round "4.10"]
[White "Dougal, Michael"]
[Black "Walder, Michael S"]
[Result "1-0"]
[WhiteElo "1931"]
[BlackElo "2090"]
[PlyCount "51"]
[EventDate "2016.??.??"]

1. e4 c5 2. Nc3 Nc6 3. f4 g6 4. Nf3 Bg7 5. Bb5 Nd4 6. O-O Nxb5 7. Nxb5 Nf6 8.
d3 O-O 9. Qe1 d6 10. Qh4 Bd7 11. Nc3 Bc6 12. f5 Qd7 13. Bh6 e6 14. Ng5 exf5 15.
exf5 Bh8 16. Bxf8 Rxf8 17. Nce4 h5 18. fxg6 fxg6 19. c3 Nxe4 20. Rxf8+ Kxf8 21.
dxe4 Qg4 22. Qf2+ Kg7 23. Rf1 Qc8 24. h4 Kh6 25. Qf4 Qg4 26. Nf7+ 1-0

[Event "Mechanics' Winter TNM; G/2"]
[Site "San Francisco"]
[Date "2016.01.12"]
[Round "2.8"]
[White "Dougal, Michael"]
[Black "Walder, Michael S"]
[Result "0-1"]
[WhiteElo "1801"]
[BlackElo "2123"]
[Annotator "Donaldson"]
[PlyCount "52"]
[EventDate "2016.??.??"]

1. e4 Nf6 2. e5 Nd5 3. d4 d6 4. c4 Nb6 5. exd6 cxd6 6. Nc3 g6 7. Be3 Bg7 8. Rc1
O-O 9. b3 e5 10. dxe5 dxe5 11. c5 N6d7 12. Bc4 Nc6 13. Nf3 Qa5 14. O-O Nxc5 15.
Bxc5 $6 $146 (15. Ng5 Nd4 $2 (15... Ne6 16. Nxe6 Bxe6 17. Bxe6 fxe6 $11) 16. b4
$1 Qxb4 17. Nd5 Qa4 18. Ne7+ Kh8 19. Nxf7+) (15. b4 $1 Nxb4 16. Nd5 Nxd5 17.
Qxd5 b6 18. Qxa8 Bb7 19. Qxf8+ (19. Bxf7+ Kxf7 20. Ng5+ Kg8 21. Rxc5 Rxa8 22.
Rxa5 bxa5 $11) 19... Kxf8 20. Ng5 Bh6 $15) 15... Qxc5 16. Ne4 Qe7 17. Nfg5 Nd4
18. f4 exf4 19. Rxf4 Ne6 20. Nxe6 Bxe6 21. Qd6 Qxd6 22. Nxd6 Be5 23. Rxf7 Bxf7
24. Nxf7 Rxf7 25. Bxf7+ Kxf7 26. Rd1 Ke6 0-1

[Event "Mechanics' Spring TNM; G/2"]
[Site "San Francisco"]
[Date "2016.04.19"]
[Round "6.12"]
[White "Dougal, Michael Co"]
[Black "Maser, Thomas F"]
[Result "1-0"]
[WhiteElo "1801"]
[BlackElo "1932"]
[Annotator "Donaldson"]
[PlyCount "37"]
[EventDate "2016.??.??"]

1. e4 e5 2. Nf3 Nc6 3. d4 exd4 4. Bc4 Nf6 5. e5 d5 6. Bb5 Ne4 7. Nxd4 Bd7 8.
Bxc6 bxc6 9. O-O Be7 (9... Bc5 {is equally popular.}) 10. f3 Ng5 11. f4 Ne4 12.
Nc3 (12. f5 {is the alternative.}) 12... Nxc3 13. bxc3 c5 14. Nb3 Bf5 $6 (14...
c4 15. Nd4 c5 16. Ne2 Bc6 {is the main line.}) 15. Be3 {
The problem with 14... Bf5, White takes control of the critical c5 square.} c6
(15... c4 16. Nd4 Be4 (16... Bd7 17. f5) 17. Qg4 $14) 16. Bxc5 Bxc5+ 17. Nxc5
Bxc2 $4 {A miscalculation.} (17... O-O {when the doubled pawns on the c-file
provides some compensation for the lost pawn.}) 18. Qxc2 Qb6 19. Qf2 1-0

[Event "Mechanics' Spring TNM; G/2"]
[Site "San Francisco"]
[Date "2016.05.03"]
[Round "8.10"]
[White "Dougal, Michael Co"]
[Black "Vickers, Keith"]
[Result "1/2-1/2"]
[WhiteElo "1801"]
[BlackElo "2200"]
[PlyCount "91"]
[EventDate "2016.??.??"]

1. e4 Nc6 2. d4 d5 3. exd5 Qxd5 4. Nc3 Qxd4 5. Bd3 Nb4 6. Nge2 Nxd3+ 7. cxd3
Qd8 8. Bf4 c6 9. Qb3 e6 10. Ne4 Nf6 11. O-O Be7 12. Rac1 O-O 13. h3 Qd5 14. Qc2
Qxa2 15. N2c3 Qa5 16. d4 Nxe4 17. Nxe4 Qd5 18. Rfd1 Qf5 19. Be5 Bd7 20. Qe2 b6
21. Rd3 f6 22. Rf3 Qg6 23. Bf4 Qh5 24. Qe3 Kh8 25. g4 Qb5 26. Rg3 g5 27. Bd6
Bxd6 28. Nxd6 Qd5 29. Ne4 e5 30. Rd1 Rae8 31. Nc3 exd4 32. Qxe8 Rxe8 33. Nxd5
cxd5 34. Rxd4 Re1+ 35. Kg2 Re2 36. Rc3 Be6 37. b4 a5 38. bxa5 bxa5 39. Ra3 Kg7
40. Rxa5 Kg6 41. Ra6 h5 42. gxh5+ Kxh5 43. Ra7 Kg6 44. Ra3 Re4 45. Rxe4 dxe4
46. f3 1/2-1/2

[Event "Mechanics' Spring TNM; G/2"]
[Site "San Francisco"]
[Date "2016.03.22"]
[Round "2.5"]
[White "Doyle, Bryon"]
[Black "Babayan, Gagik"]
[Result "1-0"]
[WhiteElo "2206"]
[BlackElo "1833"]
[PlyCount "85"]
[EventDate "2016.??.??"]

1. e4 c5 2. d4 cxd4 3. c3 dxc3 4. Nxc3 Nc6 5. Nf3 d6 6. Bc4 e6 7. O-O a6 8. Qe2
Nge7 9. Bg5 h6 10. Be3 b5 11. Bb3 Rb8 12. Rfd1 Ng6 13. Rac1 Bd7 14. e5 Ngxe5
15. Nxe5 Nxe5 16. Ne4 Rc8 17. Nxd6+ Bxd6 18. Rxd6 Rxc1+ 19. Bxc1 Nc6 20. Qe4
Nb8 21. Bf4 O-O 22. Bc2 f5 23. Qd3 Qc8 24. Bb3 Kh8 25. h4 Re8 26. Be5 Kh7 27.
Qg3 Re7 28. Rd1 Nc6 29. Bd6 Rf7 30. h5 Ne7 31. Be5 Bc6 32. Bd6 Bd5 33. Bxe7
Bxb3 34. Qg6+ Kg8 35. Rd8+ Qxd8 36. Bxd8 Bxa2 37. Ba5 Bd5 38. Bd2 Kf8 39. Qg3
Rb7 40. Qd6+ Kf7 41. Bb4 Kf6 42. f4 Rf7 43. Qe5# 1-0

[Event "Mechanics' Winter TNM; G/2"]
[Site "San Francisco"]
[Date "2016.01.19"]
[Round "3.17"]
[White "Doyle, Bryon"]
[Black "Bhattacharjee, Shi"]
[Result "1-0"]
[WhiteElo "2203"]
[BlackElo "1614"]
[PlyCount "71"]
[EventDate "2016.??.??"]

1. e4 c5 2. Nf3 Nc6 3. d4 cxd4 4. Nxd4 Nf6 5. Nc3 a6 6. Nxc6 bxc6 7. e5 Nd5 8.
Nxd5 cxd5 9. Qxd5 Rb8 10. Bd2 e6 11. Qd4 Qc7 12. Be2 Bc5 13. Qc3 Qa7 14. O-O
O-O 15. Qg3 Kh8 16. Bd3 f5 17. exf6 gxf6 18. Qh4 d5 19. Bh6 Rf7 20. Rae1 e5 21.
Be2 Bf5 22. Bh5 Bg6 23. Bxg6 hxg6 24. Bg5+ Rh7 25. Bxf6+ Kg8 26. Qg5 Qf7 27.
Qxe5 Rf8 28. Qe6 Qxe6 29. Rxe6 Rhf7 30. Rc6 Rxf6 31. Rxc5 Rd8 32. Rd1 Re6 33.
Kf1 d4 34. Rc4 Rb8 35. b3 Rbe8 36. Rcxd4 1-0

[Event "Mechanics' Spring TNM; G/2"]
[Site "San Francisco"]
[Date "2016.05.03"]
[Round "8.1"]
[White "Doyle, Bryon"]
[Black "Critelli, James Ma"]
[Result "1-0"]
[WhiteElo "2206"]
[BlackElo "2366"]
[Annotator "Donaldson"]
[PlyCount "57"]
[EventDate "2016.??.??"]

1. e4 c5 2. Nf3 d6 3. d4 cxd4 4. Nxd4 Nf6 5. Nc3 a6 6. Bc4 e6 7. Bb3 Nbd7 8. f4
Nc5 9. O-O Ncxe4 10. Nxe4 Nxe4 11. f5 e5 12. Qh5 d5 13. Re1 Bc5 14. Rxe4 Qf6 (
14... Bxd4+ {is the main move here. The text has been previously played but
Stockfish evaluates the position as clearly in White's favor.}) 15. Bg5 Bxd4+
16. Rxd4 Qb6 17. Ba4+ Kf8 18. Rad1 exd4 {Diagram [#]} 19. Re1 $1 d3+ 20. Kh1
Bxf5 21. Be7+ Kg8 22. Qxf5 dxc2 23. Rf1 Qe6 24. Qxe6 fxe6 25. Bd7 h6 26. Bxe6+
Kh7 27. Bb4 Rae8 28. Bf5+ g6 29. Bxc2 {and White soon won.} 1-0

[Event "Mechanics' Spring TNM; G/2"]
[Site "San Francisco"]
[Date "2016.04.19"]
[Round "6.3"]
[White "Doyle, Bryon"]
[Black "Gaffagan, Steven"]
[Result "1-0"]
[WhiteElo "2206"]
[BlackElo "2066"]
[Annotator "Donaldson"]
[PlyCount "81"]
[EventDate "2016.??.??"]

1. e4 c5 2. Nf3 Nc6 3. d4 cxd4 4. Nxd4 g6 5. Be3 Nf6 6. Nc3 Bg7 7. Bc4 O-O 8.
Bb3 a5 9. O-O a4 10. Nxa4 Nxe4 11. Nb5 d5 12. Bb6 Qd7 13. Nc7 Rxa4 14. Bxa4
Bxb2 15. Qxd5 Nc3 $2 (15... Bxa1 16. Rxa1 (16. Qxe4 Bf6 $11) 16... Nc3 $11) 16.
Bxc6 Qxc6 17. Qxc6 bxc6 18. a4 Bxa1 19. Rxa1 Nd5 20. a5 Nxc7 21. Bxc7 Ba6 22.
Rd1 f5 23. f4 Kf7 24. Kf2 Rc8 25. Be5 c5 26. Ke3 Bc4 27. Rd7 Ke6 28. Rb7 Bd5
29. Rb6+ Kd7 30. g3 Be4 31. c4 Bc6 (31... Ra8 32. a6 Kc8 $16) 32. a6 Ra8 33.
Bb8 Bg2 34. Kd2 Bc6 35. a7 Be4 36. h4 Bc6 37. Kc3 h6 38. Ra6 e6 39. Ra5 e5 40.
Rxc5 e4 41. Kd4 1-0

[Event "Mechanics' Winter TNM; G/2"]
[Site "San Francisco"]
[Date "2016.01.05"]
[Round "1.5"]
[White "Doyle, Bryon"]
[Black "Gomboluudev, Enkhjin"]
[Result "1-0"]
[WhiteElo "2203"]
[BlackElo "1630"]
[PlyCount "75"]
[EventDate "2016.??.??"]

1. e4 e5 2. Nf3 Nc6 3. Bc4 Bc5 4. b4 Bxb4 5. c3 Ba5 6. d4 exd4 7. O-O d6 8. Qb3
Qe7 9. Bg5 Nf6 10. cxd4 O-O 11. Nc3 h6 12. Nd5 Qd8 13. Nxf6+ gxf6 14. Bxh6 Bb6
15. Nh4 Kh7 16. Bxf8 Qxf8 17. e5 Bxd4 18. Qd3+ Kg8 19. Rac1 fxe5 20. Qg6+ Qg7
21. Bxf7+ Kf8 22. Bd5 Qxg6 23. Nxg6+ Kg7 24. Bxc6 bxc6 25. Ne7 c5 26. Nd5 Ba6
27. Rfe1 Rc8 28. Re4 Kf7 29. Rh4 Ke6 30. Ne3 Bxe3 31. fxe3 Bb5 32. e4 c4 33. a4
Ba6 34. Rh7 Kf6 35. Rf1+ Ke6 36. Rff7 d5 37. Re7+ Kf6 38. Rhf7+ {
and White later won. Remaining moves unavailable.} 1-0

[Event "Mechanics' Winter TNM; G/2"]
[Site "San Francisco"]
[Date "2016.02.16"]
[Round "7.6"]
[White "Doyle, Bryon"]
[Black "Melville, Cailen"]
[Result "1/2-1/2"]
[WhiteElo "2203"]
[BlackElo "1861"]
[Annotator "Donaldson"]
[PlyCount "109"]
[EventDate "2016.??.??"]

1. e4 e6 2. d4 d5 3. Nc3 dxe4 4. Nxe4 b6 5. Nf3 Bb7 6. Bb5+ Bc6 7. Bd3 Nf6 8.
Qe2 Nxe4 9. Bxe4 Bxe4 10. Qxe4 Qd5 11. Qxd5 exd5 12. O-O f6 13. c4 dxc4 14. d5
c6 15. Bf4 cxd5 16. Rad1 Nc6 17. Rxd5 Rd8 18. Rxd8+ Kxd8 19. Rd1+ Kc8 20. Nd4
Nxd4 21. Rxd4 b5 22. a4 a6 23. axb5 axb5 24. Rd5 b4 25. Rd4 c3 26. Rc4+ Kd7 27.
bxc3 bxc3 28. Rxc3 Be7 29. Rc7+ Ke6 30. g4 g5 31. Be3 Bd6 32. Rc6 Kd5 33. Rc3
Be5 34. Ra3 h5 35. h3 hxg4 36. hxg4 Ke4 37. Kf1 Kf3 38. Bxg5+ Kxg4 39. Be3 f5
40. Ke2 Re8 41. f3+ Kg3 42. Bf2+ Kg2 43. Re3 f4 44. Re4 Ra8 45. Rxe5 Ra2+ 46.
Kd3 Kxf2 47. Ke4 Ra4+ 48. Kd3 Kxf3 49. Kd2 Ra1 50. Rf5 Rg1 (50... Rf1) 51. Rf8
Rg4 52. Kd1 {Diagram #} Kg2 $2 (52... Kf2 $19) 53. Ke2 f3+ $6 (53... Kg3 54.
Kf1 Rg5 {was still drawing, but offered better chances}) 54. Rxf3 Re4+ 55. Re3
1/2-1/2

[Event "Mechanics' Alan Benson TNM; G/2"]
[Site "San Francisco"]
[Date "2016.08.30"]
[Round "5.2"]
[White "Doyle, Bryon"]
[Black "Viswanath Natraj, Ganesh"]
[Result "0-1"]
[WhiteElo "2209"]
[BlackElo "2101"]
[PlyCount "109"]
[EventDate "2016.??.??"]

1. e4 c5 2. Nf3 d6 3. d4 cxd4 4. Nxd4 Nf6 5. Nc3 Nc6 6. Bc4 e6 7. Be3 Be7 8.
Qe2 O-O 9. O-O-O a6 10. Bb3 Qc7 11. g4 Nd7 12. Nf5 Nc5 13. Rhg1 b5 14. Nxe7+
Qxe7 15. g5 Bb7 16. Qh5 Rfc8 17. Rg4 Nd7 18. Rh4 Nf8 19. f4 Na5 20. Bd4 Nxb3+
21. axb3 e5 22. Be3 Qc7 23. Rd2 b4 24. Nd5 Bxd5 25. exd5 exf4 26. Rxf4 Re8 27.
Bd4 Ng6 28. Rf1 Qa5 29. Rdf2 Re7 30. Qf3 Rc8 31. Kb1 Rce8 32. Rd1 Qc7 33. Qd3
Re1 34. Qd2 Rxd1+ 35. Qxd1 Qa5 36. c4 bxc3 37. Bxc3 Qc5 38. Qf3 Re7 39. Rc2
Qg1+ 40. Ka2 Qxg5 41. Rg2 Qh4 42. Qd3 Qe4 43. Qd2 f5 44. Bb4 Qe5 45. Qd3 Nf4
46. Qxa6 Nxg2 47. Bxd6 Ra7 48. Qxa7 Qxd6 49. Qa8+ Kf7 50. Qa7+ Kg6 51. Qd4 Nf4
52. h4 Qa6+ 53. Kb1 Qd3+ 54. Qxd3 Nxd3 55. Kc2 0-1